000 00260nam a2200109Ia 4500
008 190216s9999||||xx |||||||||||||| ||und||
100 _aAnupam Biswas
245 0 _aComputerising Your Business
260 _bPopular Prakashan
_c1989
300 _a158p
942 _cBK
999 _c5536
_d5536